000 00205 a2200109 4500
020 _a9788424625368
041 _aspa
100 _aBoada, Francesc
245 _aCenicienta
942 _cBK
999 _c29686
_d29684
999 _d29684